Environmental Systems and Societies (Record no. 5795)

MARC details
005 - DATE AND TIME OF LATEST TRANSACTION
control field 20250628052231.0
020 ## - INTERNATIONAL STANDARD BOOK NUMBER
International Standard Book Number 978-0-19-838914-9
082 ## - DEWEY DECIMAL CLASSIFICATION NUMBER
Classification number 363.7 RUT
100 ## - MAIN ENTRY--PERSONAL NAME
Author name RUTHERFORD, J
245 ## - TITLE STATEMENT
Title Environmental Systems and Societies
260 ## - PUBLICATION, DISTRIBUTION, ETC.
Place of publication, distribution, etc. New York
Name of publisher, distributor, etc. Oxford University Press
Date of publication, distribution, etc. 2009.
300 ## - PHYSICAL DESCRIPTION
Extent 376p.: ill.;figures, tables, pictures
Other physical details Index
Dimensions 27cm
942 ## - ADDED ENTRY ELEMENTS (KOHA)
Source of classification or shelving scheme Dewey Decimal Classification
Koha item type Books
Holdings
Date last seen Total checkouts Full call number Barcode Price effective from Koha item type Lost status Source of classification or shelving scheme Damaged status Not for loan Withdrawn status Home library Current library Shelving location Date acquired Source of acquisition
06/28/2025   363.7 RUT MZA0002561 06/28/2025 Books   Dewey Decimal Classification       CBE Mwanza CBE Mwanza General Collection 06/23/2021 Donation from TLSB